00552cam a22001931 4500001001300000003000400013005001700017008004100034010001700075040001300092050003100105100004100136245005100177260004000228300004900268500001100317546001300328999001700341sa 64001743 DLC20260227112004.0950627s1961 ii af 000 0 urdo  asa 64001743  aDLCcDLC00aPK2200.S43191655bR36 19610 aShakīl Badāyūnī,d1916-1970.10aRangīniyān̲ /c[Shakīl Badāyūnī]. aLāhaur :bNayā Idārah,c1961. a152 p., [1] leaf of plates :bill. ;c23 cm. aPoems. aIn Urdu. c56908d56908